000 00366nam a2200145Ia 4500
008 100122s9999 xx 000 0 und d
082 _b12334
_a50
245 _aऔदुंबर
300 _a168
520 _aदिवाळी - 2004
620 _aदिवाळी - 2004
630 _aऔदुंबर
730 _aऔदुंबर
942 _cBOOK
999 _c385853
_d385850